000
00315nam a22001457a 4500
008
221201b ||||| |||| 00| 0 eng d
020
_a
9780761920618
041
_a
eng
080
_a
616.8
082
_a
616.8BEA
100
_a
11.2
101
_a
TRURI
245
_a
THE HUMAN BRAIN
_c
BEATTY J
942
_2
udc
_c
BK
999
_c
59068
_d
59068